Statistics for European Capitals Ending in N

Click here to take the quiz!

General Stats

  • This quiz has been taken 17,674 times
  • The average score is 6 of 7

Answer Stats

Capital City % Correct
London
94%
Berlin
91%
Lisbon
86%
Dublin
81%
Bern
79%
Copenhagen
78%
Tallinn
72%

Score Distribution

Percentile by Number Answered

Percent of People with Each Score

Your Score History

You have not taken this quiz